A to Z: Asia - Statistics

General Stats
  • This quiz has been taken 23 times
  • The average score is 20 of 26
Answer Stats
Letter Clue Answer % Correct
I Turkish city split between Europe and Asia, connected by bridge Istanbul
100%
M One of the Five Pillars of Islam includes pilgrimage to this city Mecca
100%
N Country which shares Mount Everest with China Nepal
100%
G Major river which flows through northern India and Bangladesh Ganges River
95%
J Most populous island of Indonesia Java
95%
K The second-highest mountain in the world K2
95%
V Nearly 40% of this country’s population has the surname Nguyen Vietnam
95%
O Island in the south of Japan and site of a major WWII battle Okinawa
91%
P A historic region of South Asia split between India and Pakistan Punjab
91%
Q Last imperial dynasty of China, which ruled from 1644 to 1912 Qing Dynasty
91%
S A Tibetan people in the Himalayas, known for their mountaineering skills Sherpa
91%
U Central Asian country which the Silk Road flowed through Uzbekistan
91%
H Northern island of Japan Hokkaido
86%
L Capital of Tibet and center of Tibetan Buddhism Lhasa
86%
W Dialect of Chinese spoken in Shanghai and Zhejiang province Wu
86%
X Home of the Terracotta Army Xi’an
86%
C The former name of Guangzhou Canton
82%
E One of India’s official languages English
68%
Y Siberian city known as the coldest city in the world Yakutsk
59%
B City where US president George W. Bush had a shoe thrown at him in 2008 Baghdad
55%
T Language family which includes languages such as Kazakh, Kyrgyz, and Turkmen Turkic
55%
A Indigenous people of northern Japan Ainu
50%
R Largest Indian state by land area Rajasthan
50%
Z Ancient religion originating from Persia Zoroastrianism
50%
F Capital of China’s Fujian province Fuzhou
45%
D Tibetan language spoken in Bhutan Dzongkha
36%
No matching quizzes found
Score Distribution
Percent of People with Each Score
Percentile by Number Answered
Your Score History
You have not taken this quiz